| 000 | 00538nam a2200193Ia 4500 | ||
|---|---|---|---|
| 003 | OSt | ||
| 005 | 20240917144654.0 | ||
| 008 | 220927b |||||||| |||| 00| 0 eng d | ||
| 037 | _cTextual | ||
| 040 |
_aSDCL _cSDCL _bhin |
||
| 041 |
_2hin _ahin |
||
| 082 | _aY:1 K9 | ||
| 100 |
_aShlaye, Yashdev _9396700 |
||
| 245 | 0 |
_aSanskriti : _b Manav kartavye ki vyakha / |
|
| 260 |
_aJaipur : _bRajesthan Vishwavidhalya, _c1969. |
||
| 300 | _a143p. | ||
| 942 |
_hY:1 K9 _cTEXL _2CC |
||
| 999 |
_c712457 _d712457 |
||